000 00235 a2200097 4500
001 14137
100 _aCampbell R.R
245 _aEnglish composition for foreign students
260 _aLondon
_bLongmans green
_c
090 _c11081
_d11081
942 _aNUST-CAE
_cM
_c1205
999 _c249210
_d249210